<?xml version="1.0" encoding="UTF-8"?>
<marc:record xmlns:marc="http://www.loc.gov/MARC21/slim">
   <marc:leader>00000nam a2200000 a 4500</marc:leader>
   <marc:datafield ind1="1" ind2=" " tag="100">
      <marc:subfield code="a">Kaiser, Thomas</marc:subfield>
      <marc:subfield code="4">aut</marc:subfield>
      <marc:subfield code="e">Verfasser/-in</marc:subfield>
   </marc:datafield>
   <marc:datafield ind1=" " ind2=" " tag="653">
      <marc:subfield code="a">Aggression / Kind / Ratgeber</marc:subfield>
   </marc:datafield>
   <marc:datafield ind1=" " ind2=" " tag="653">
      <marc:subfield code="a">Kind / Wut / Ratgeber</marc:subfield>
   </marc:datafield>
   <marc:datafield ind1=" " ind2=" " tag="653">
      <marc:subfield code="a">Kind / Aggression / Ratgeber</marc:subfield>
   </marc:datafield>
   <marc:datafield ind1=" " ind2=" " tag="653">
      <marc:subfield code="a">Wut / Kind / Ratgeber</marc:subfield>
   </marc:datafield>
   <marc:datafield ind1=" " ind2=" " tag="653">
      <marc:subfield code="a">Identität / Gefühle</marc:subfield>
   </marc:datafield>
   <marc:datafield ind1=" " ind2=" " tag="653">
      <marc:subfield code="a">Gefühl / Identität</marc:subfield>
   </marc:datafield>
   <marc:datafield ind1="0" ind2="0" tag="245">
      <marc:subfield code="a">Bleib bei mir, wenn ich wütend bin</marc:subfield>
   </marc:datafield>
   <marc:datafield ind1="0" ind2="0" tag="245">
      <marc:subfield code="b">Wut und Aggression: So helfe ich meinem Kind</marc:subfield>
   </marc:datafield>
   <marc:datafield ind1="0" ind2="0" tag="245">
      <marc:subfield code="c">Thomas Kaiser</marc:subfield>
   </marc:datafield>
   <marc:datafield ind1=" " ind2="1" tag="264">
      <marc:subfield code="a">Freiburg/Br.</marc:subfield>
      <marc:subfield code="b">Christophorus-Verl.</marc:subfield>
      <marc:subfield code="c">1998</marc:subfield>
   </marc:datafield>
   <marc:datafield ind1="1" ind2=" " tag="520">
      <marc:subfield code="a">Auch Wut tut Kindern gut. Deshalb dürfen Kinder schon mal richtig sauer sein. Aber wenn die Wut überhand nimmt, wenn sie umschlägt in Aggression, wenn das Kind keinen mehr an sich ranlässt, ist ein offenes und harmonisches Miteinander kaum mehr möglich. Dieses Buch hilft Eltern und Kindern, mit Wut und mit Aggressionen umzugehen und sie gemeinsam zu bewältigen: Beispiele zeigen die Ursachen von Wut und Aggression auf; Eltern bekommen Anregungen, wie sie ihrem Kind in schwierigen Momenten helfen können; Eltern und Kinder erfahren, wie man Wut umlenken, ausleben, abbauen kann; Kinder erleben, wie gut Entspannung tut und wie sie zur Ruhe finden. Zu alledem gibt es Informationen und guten Rat. Geschichten, Bilder, Spielideen, die zum Nachdenken und zu Gesprächen anregen. Bewegungs- und Ruheübungen, Traumreisen und Angebote zur Kreativität, die Kindern - und Eltern - gut tun.</marc:subfield>
   </marc:datafield>
   <marc:datafield ind1=" " ind2=" " tag="020">
      <marc:subfield code="a">9783419533017</marc:subfield>
      <marc:subfield code="9">9783419533017</marc:subfield>
   </marc:datafield>
   <marc:datafield ind1=" " ind2=" " tag="300">
      <marc:subfield code="a">95 S.</marc:subfield>
   </marc:datafield>
</marc:record>
